| 000 | 00683nam a22002057a 4500 | ||
|---|---|---|---|
| 999 |
_c16601 _d16601 |
||
| 003 | AR-CdUCM | ||
| 008 | 190503b ||||| |||| 00| 0 spa d | ||
| 040 |
_aMUNICIPALIDAD PROVINCIAL DEL CUSCO _cBIBLIOTECA MUNICIPAL DEL CUSCO |
||
| 082 |
_a947.084 / _bB241 |
||
| 100 |
_aBarbusse, Henri _926016 |
||
| 245 | _aStalin / | ||
| 260 |
_aBuenos Aires : _bTor, _c1957. |
||
| 300 |
_a189 páginas ; _c17 cm. |
||
| 505 | _aContenido: Un revolucionario bajo el mar -- El gigante -- La constelación nacional -- Las primeras piedras... | ||
| 650 |
_aComunismo _9495 |
||
| 650 |
_aBiografías históricas _96252 |
||
| 650 |
_aRusia _9499 |
||
| 942 |
_2ddc _cLIBROS |
||
| 945 |
_adavv _d03/05/2019 |
||